География на мъдростта или Експрес Сократ (Запис номер 380857)
[ съкратено ]
| 000 -Лидер | |
|---|---|
| Контролно поле с фиксирана дължина | 01333nam a2200325 a 4500 |
| 003 - Код на организацията, давaща контролен номер | |
| Контролно поле | BLK |
| 005 - Дата и час на последна редакция | |
| Контролно поле | 20250426114244.0 |
| 008 - Елементи от данни с фиксирана дължина | |
| fixed length control field | 180411b bul|||||r ||||||| ||bul|| |
| 010 ## - Наследен системен номер | |
| LC control number | KNG00199317000 |
| 020 ## - Международен стандартен номер на книга ISBN | |
| Международен стандартен номер на книга ISBN | 9786190011118 |
| 040 ## - Източник на каталожния запис | |
| Идентификатор на билиотеката - собственик на записа | BLK |
| 041 ## - Код за език | |
| Код за езика на текст/звукозапис или на отделно заглавие | Български |
| Код за езика КДБФ | Български |
| 080 ## - УДК | |
| Текстов определител УДК | Американска литература (на САЩ) |
| УДК код - определител по УДК | 821.111(73) |
| УДК определител | -992 |
| УДК - код + определител | 821.111(73)-992 |
| 100 1# - Редна дума - Автор | |
| Автор | Уайнър, Ерик Дж. |
| Авторска отговорност | първи автор |
| R(LIN) | 278066 |
| 139 ## - Редно поле | |
| Редна дума | Уайнър, Ерик Дж. |
| Авторски знак | Уаи - У 13 |
| 245 10 - Сведения за заглавието | |
| Заглавие | География на мъдростта или Експрес Сократ |
| Редно поле (дума) | Ерик Дж. Уайнър; прев. от англ. Нейко Генчев Генчев. |
| 257 ## - Страна на издаване | |
| Страна на създаване/издаване | Съединени американски щати |
| 260 ## - Област на издателските данни | |
| Име на издателя, разпространителя и проч. | Фабер |
| Година на издаване | 2020 |
| Място на издаване, разпространение и проч. | В. Търново |
| 300 ## - Физическа характеристика | |
| Страници | 408 с. |
| Размери/Мащаб | 22 см |
| 380 ## - Жанр | |
| Жанр | Худож. лит. |
| 500 ## - Общи забележки | |
| Забележка | Ориг. загл. The Socrates Express : In Search of Life Lessons from Dead Philosophers / Eric Weiner |
| 504 ## - Забележка за наличие на библиография и др | |
| Забележка за наличие на библиография и под. | Библиогр. 377-395 с. ; Индекс 396-405 с. |
| 653 ## - Ключова дума – ненормативна | |
| Ключова дума | пътеписи |
| 700 1# - Други автори (авторска отговорност) | |
| Лично име | Генчев, Нейко Генчев |
| Автороска отговорност (Описва отношението между автора и произведението) | прев. от англ. |
| 9 (RLIN) | 382469 |
| 999 ## - СИСТЕМНИ КОНТРОЛНИ НОМЕРА | |
| Koha biblionumber | 380857 |
| Koha biblioitemnumber | 380857 |
| 942 ## - АРТИКУЛИ | |
| Вид на библиотечния материал | Книги |
| Скрит в OPAC | Не |
| Koha issues (borrowed), all copies | 59 |
| Периодичен библиозапис | Да |
| 944 ## - СЪЗДАВАНЕ И РЕДАКЦИЯ на ЗАПИСА | |
| Създаване/Редакция | Създаване |
| Дата на регистрацията/редакция | 19.01.2017 |
| Статус, дата на статуса | Севдалина Тодорова |
| Служител, извършил регистрацията/редакцията | 30540 |
| 944 ## - СЪЗДАВАНЕ И РЕДАКЦИЯ на ЗАПИСА | |
| Създаване/Редакция | Редакция |
| Дата на регистрацията/редакция | 14.09.2017 |
| Статус, дата на статуса | ф / |
| Служител, извършил регистрацията/редакцията | Пенка_Димитрова |
| 999 ## - СИСТЕМНИ КОНТРОЛНИ НОМЕРА | |
| Koha biblioitemnumber | 380857 |
| 999 ## - СИСТЕМНИ КОНТРОЛНИ НОМЕРА | |
| Koha biblioitemnumber | 380857 |
| Код за отписване | Код за изгубен артикул | Източник на класификационната схема | Код за повреда | Код за отдаване | Артикулен № | Име на библиотеката - собственик | Име на библиотеката, в която се намира в момента | Статус (Текущо местоположение) | Дата на вписване в системата | Местоположение - отдел | Цена в лева | Систематично азбучна сигнатура | Баркод | Цена в евро | Служебен тип на артикула |
|---|---|---|---|---|---|---|---|---|---|---|---|---|---|---|---|
| Не е изгубен | Universal Decimal Classification | Не е повреден | заемане за дома | 802050 | Регионална библиотека "Любен Каравелов" Русе | Регионална библиотека "Любен Каравелов" Русе | Заемна - подръчен фонд | 2020-10-01 | Заемна - подръчен фонд | 15.00 | 821-9/У 13 Е | 120000848165 | 7.67 | Книги | |
| Не е изгубен | Universal Decimal Classification | Не е повреден | заемане за дома | 802051 | Регионална библиотека "Любен Каравелов" Русе | Регионална библиотека "Любен Каравелов" Русе | Заемна - подръчен фонд | 2020-10-01 | Заемна - подръчен фонд | 15.00 | 821-9/У 13 Е | 120000848163 | 7.67 | Книги | |
| Не е изгубен | Universal Decimal Classification | Не е повреден | заемане за дома | 802052 | Регионална библиотека "Любен Каравелов" Русе | Регионална библиотека "Любен Каравелов" Русе | Заемна - подръчен фонд | 2020-10-01 | Заемна - подръчен фонд | 15.00 | 821-9/У 13 Е | 120000848166 | 7.67 | Книги | |
| Не е изгубен | Universal Decimal Classification | Не е повреден | заемане за дома | 802053 | Регионална библиотека "Любен Каравелов" Русе | Регионална библиотека "Любен Каравелов" Русе | Заемна - подръчен фонд | 2020-10-01 | Заемна - подръчен фонд | 15.00 | 821-9/У 13 Е | 120000848164 | 7.67 | Книги |